| 000 | 01353nam a22003017a 4500 | ||
|---|---|---|---|
| 001 | 4648 | ||
| 003 | FISKH | ||
| 005 | 20251205140038.0 | ||
| 008 | 240918b cb ||||| |||| 00| 0 eng d | ||
| 040 |
_aFISKH _bKhmer _cFISKH _dFISKH |
||
| 050 | _aPZ7 | ||
| 082 | _a800 | ||
| 100 |
_aReaksmey, Am _eAuthor |
||
| 245 |
_aអាវថ្មីរបស់ខុម / _cBy Am Reaksmey |
||
| 250 | _aបោះះពុម្ពលើកទី១ខែកក្កដាឆ្នាំ២០០៧ | ||
| 260 |
_aភ្នំពេញ: _b កិច្ចសហប្រតិបត្តិការអភិវឌ្ឍន៍ប៊ែលហ្ស៊ិក ; _c២០០៧ . |
||
| 300 |
_a8 pages : _bcolor illustrations ; _c25 cm . |
||
| 505 | _aC | ||
| 520 | _aខុមបានពាក់អាវថ្មី ប៉ុន្តែគ្រោះថ្នាក់បានកើតឡើង។ តើអាវរបស់នាងយ៉ាងម៉េចដែរ? | ||
| 520 | _aKhom wore her new shirt, but the accidents happend. How is her shirt? | ||
| 521 | 8 |
_a100
_bLexile estimate |
|
| 521 | 8 |
_aC
_bRaz-Plus |
|
| 650 |
_aអាវ _vរឿងនិទានកុមារ |
||
| 650 |
_ashirt _vchildren's story |
||
| 700 |
_aRotha, Ouk _eillustrator |
||
| 942 |
_2ddc _cKHB _n0 |
||
| 999 |
_c4648 _d4648 |
||